[Event "Campeonato del Mundo Sub-20 2007 Fem."]
[Site "Yerevan ARM"]
[Date "2007.10.12"]
[Round "9.13"]
[White "Padmini, Rout"]
[Black "Hairapetian, Anna"]
[Result "1-0"]
[WhiteElo "2226"]
[BlackElo "2030"]
[PlyCount "91"]
[EventDate "2007.10.03"]
[EventType "swiss"]
[EventRounds "13"]
[EventCountry "ARM"]
[Source "lmi"]
[SourceDate "2007.10.03"]

1. e4 c5 2. Nf3 Nc6 3. d4 cxd4 4. Nxd4 e5 5. Nb5 d6 6. N1c3 a6 7. Na3 b5 8. Nd5
Nge7 9. c4 Nxd5 10. cxd5 Nb8 11. Nc2 Nd7 12. g3 Be7 13. Bg2 O-O 14. O-O Bg5 15.
Bxg5 Qxg5 16. Ne3 g6 17. a4 Rb8 18. b4 f5 19. exf5 gxf5 20. f4 exf4 21. gxf4
Qf6 22. a5 Re8 23. Qd3 Nf8 24. Rac1 Rb7 25. Bh3 Rf7 26. Qc3 Qh4 27. Rf3 Ng6 28.
Ng2 Qh6 29. Qc6 Qf8 30. Rfc3 Bb7 31. Qb6 Bxd5 32. Qd4 Bc4 33. Rg3 d5 34. Nh4
Rf6 35. Bg2 Rd8 36. Nf3 Qg7 37. h4 h5 38. Ne5 Kh8 39. Rg5 Qe7 40. Rxh5+ Kg7 41.
Rc3 Rh8 42. Rg5 Rxh4 43. Rcg3 Kh7 44. Rxg6 Rxg6 45. Rxg6 Qxb4 46. Qa7+ 1-0

[Event "Campeonato del Mundo Sub-20 2007 Fem."]
[Site "Yerevan ARM"]
[Date "2007.10.12"]
[Round "9.15"]
[White "Kulon, Klaudia"]
[Black "Salvador, Aices"]
[Result "1-0"]
[WhiteElo "2139"]
[BlackElo "1927"]
[PlyCount "69"]
[EventDate "2007.10.03"]
[EventType "swiss"]
[EventRounds "13"]
[EventCountry "ARM"]
[Source "lmi"]
[SourceDate "2007.10.03"]

1. e4 e6 2. d4 d5 3. Nd2 dxe4 4. Nxe4 Nd7 5. Nf3 Ngf6 6. Bg5 Be7 7. Nxf6+ Nxf6
8. Bc4 O-O 9. Qe2 c6 10. O-O-O Nd5 11. h4 f6 12. Bd2 b5 13. Bd3 b4 14. Kb1 Qa5
15. Bc4 Nc3+ 16. bxc3 bxc3 17. Bc1 Ba3 18. Qe3 Rb8+ 19. Bb3 Kh8 20. Ka1 Bd6 21.
Rd3 Bb4 22. g4 c5 23. dxc5 Bxc5 24. Qe1 Ba6 25. Rd1 Bb7 26. Rh3 Bd5 27. Rxd5
exd5 28. g5 Rbe8 29. Qf1 Bb6 30. g6 hxg6 31. Qg2 Rd8 32. Qxg6 Qb5 33. Ng5 fxg5
34. hxg5+ Kg8 35. Qe6+ 1-0

[Event "Campeonato del Mundo Sub-20 2007 Fem."]
[Site "Yerevan ARM"]
[Date "2007.10.12"]
[Round "9.16"]
[White "Tjolsen, Katrine"]
[Black "Kharatyan, Anahit"]
[Result "1/2-1/2"]
[WhiteElo "2081"]
[BlackElo "2102"]
[PlyCount "126"]
[EventDate "2007.10.03"]
[EventType "swiss"]
[EventRounds "13"]
[EventCountry "ARM"]
[Source "lmi"]
[SourceDate "2007.10.03"]

1. e4 e5 2. Nf3 d6 3. d4 Nd7 4. Bc4 c6 5. O-O Be7 6. dxe5 dxe5 7. Ng5 Bxg5 8.
Qh5 Qe7 9. Bxg5 Ngf6 10. Qe2 h6 11. Bd2 b5 12. Bb3 Nc5 13. f3 a5 14. c3 Ba6 15.
Be3 O-O 16. Bc2 Rfd8 17. Qf2 Nd3 18. Bxd3 Rxd3 19. Bb6 a4 20. Na3 b4 21. cxb4
Qxb4 22. Bc5 Qd2 23. Nc2 Nd7 24. Bb4 Qxf2+ 25. Kxf2 c5 26. Bc3 Rxc3 27. bxc3
Bxf1 28. Kxf1 Rb8 29. Ke2 Rb2 30. Kd2 a3 31. Kc1 Kf8 32. Rb1 Rxa2 33. Rb3 Ke7
34. Rxa3 Rxa3 35. Nxa3 Nb6 36. c4 Na4 37. Nb5 Nb6 38. Na3 Nd7 39. Kd2 Nf8 40.
Nb5 Ne6 41. Nc3 Nd4 42. Kd3 h5 43. Nd5+ Ke6 44. f4 g6 45. Ke3 Kd6 46. Nc3 exf4+
47. Kxf4 Ne6+ 48. Ke3 Ke5 49. g3 g5 50. Ne2 Nf8 51. Ng1 Ng6 52. Nf3+ Kf6 53. h4
gxh4 54. gxh4 Ke6 55. Ng5+ Ke7 56. Nf3 Kf6 57. Ke2 Ke6 58. Ke3 Kf6 59. Ke2 Ke7
60. Ke3 Ke6 61. Ng5+ Kf6 62. Nf3 Ke7 63. e5 f5 1/2-1/2

[Event "Campeonato del Mundo Sub-20 2007 Fem."]
[Site "Yerevan ARM"]
[Date "2007.10.12"]
[Round "9.17"]
[White "Darbinyan, Nune"]
[Black "Grigorian, Marine"]
[Result "1-0"]
[WhiteElo "2089"]
[BlackElo "2078"]
[PlyCount "69"]
[EventDate "2007.10.03"]
[EventType "swiss"]
[EventRounds "13"]
[EventCountry "ARM"]
[Source "lmi"]
[SourceDate "2007.10.03"]

1. Nf3 Nf6 2. c4 d6 3. d4 Nbd7 4. Nc3 e5 5. e4 Be7 6. Be2 c6 7. O-O O-O 8. Re1
a6 9. Bf1 b5 10. a3 Re8 11. h3 Bb7 12. Qc2 h6 13. Be3 Bf8 14. dxe5 dxe5 15.
Red1 Qc7 16. Rac1 Rac8 17. Qb1 Qa5 18. Nd2 Re6 19. Nb3 Qd8 20. Nc5 Bxc5 21.
Bxc5 Qe8 22. Be3 Qe7 23. b4 Rd6 24. Rxd6 Qxd6 25. a4 c5 26. bxc5 Nxc5 27. cxb5
Bxe4 28. Nxe4 Nfxe4 29. Qb4 f5 30. b6 a5 31. b7 Rb8 32. Qc4+ Ne6 33. Qc8+ Nd8
34. Rc7 Kh7 35. Qxb8 1-0

[Event "Campeonato del Mundo Sub-20 2007 Fem."]
[Site "Yerevan ARM"]
[Date "2007.10.12"]
[Round "9.19"]
[White "Mnatsakanyan, Diana"]
[Black "Kalashyan, Varduhi"]
[Result "0-1"]
[WhiteElo "1970"]
[BlackElo "2059"]
[PlyCount "108"]
[EventDate "2007.10.03"]
[EventType "swiss"]
[EventRounds "13"]
[EventCountry "ARM"]
[Source "lmi"]
[SourceDate "2007.10.03"]

1. e4 c5 2. Ne2 d6 3. g3 g6 4. Bg2 Bg7 5. c3 e5 6. d4 exd4 7. cxd4 Qb6 8. Nbc3
cxd4 9. Nd5 Qd8 10. Nxd4 Be6 11. O-O Bxd5 12. exd5 Ne7 13. Bg5 O-O 14. Re1 Qb6
15. Bxe7 Bxd4 16. Qd2 Rc8 17. Bh3 Rc4 18. Rad1 Be5 19. Rxe5 dxe5 20. Qh6 Na6
21. d6 Rc2 22. Rf1 Nc7 23. Bf6 Ne8 24. Bxe5 Re2 25. Qf4 Qc5 26. Bc3 Qxd6 27.
Qf3 Qe7 28. Bg4 Re4 29. Rd1 f5 30. Bxf5 gxf5 31. Qxf5 Re6 32. Rd4 Qf7 33. Qg5+
Rg6 34. Qb5 Nd6 35. Qe5 Re8 36. Qa5 b6 37. Qb4 a5 38. Qa4 Re2 39. Rf4 Qd5 40.
Qd7 Qd1+ 41. Kg2 Qd5+ 42. Kg1 Re8 43. Rd4 Qe5 44. h4 Qe7 45. Qa4 Rf8 46. h5 Rg5
47. Qc6 Nb5 48. Rd7 Qe2 49. Rg7+ Rxg7 50. Qd5+ Kh8 51. Bxg7+ Kxg7 52. Qb7+ Kh8
53. Qxb6 Qxb2 54. Qc5 Nd6 0-1

[Event "Campeonato del Mundo Sub-20 2007 Fem."]
[Site "Yerevan ARM"]
[Date "2007.10.12"]
[Round "9.20"]
[White "Mona, Khaled"]
[Black "Karapetyan, Lusine"]
[Result "1/2-1/2"]
[WhiteElo "2004"]
[BlackElo "1950"]
[PlyCount "73"]
[EventDate "2007.10.03"]
[EventType "swiss"]
[EventRounds "13"]
[EventCountry "ARM"]
[Source "lmi"]
[SourceDate "2007.10.03"]

1. d4 e6 2. Nf3 b6 3. e4 Bb7 4. Bd3 d5 5. e5 Ba6 6. Bxa6 Nxa6 7. c3 c6 8. O-O
Ne7 9. Ne1 Nf5 10. Nc2 Be7 11. Ne3 Nxe3 12. fxe3 Bg5 13. Rf3 Qe7 14. a4 Nc7 15.
b3 f5 16. a5 Qf7 17. Nd2 O-O 18. Rg3 Be7 19. Nf3 Kh8 20. Ba3 c5 21. Qe2 Rfb8
22. a6 Qe8 23. c4 h6 24. Rh3 Kh7 25. Bc1 b5 26. cxd5 Nxd5 27. Qe1 c4 28. e4
fxe4 29. bxc4 bxc4 30. Qxe4+ Qg6 31. Qe2 c3 32. Rg3 Qf5 33. Ne1 Rb3 34. Rf3 Qg6
35. Rg3 Qf5 36. Rf3 Qg6 37. Rg3 1/2-1/2

[Event "Campeonato del Mundo Sub-20 2007 Fem."]
[Site "Yerevan ARM"]
[Date "2007.10.13"]
[Round "10.1"]
[White "Zawadzka, Jolanta"]
[Black "Nebolsina, Vera"]
[Result "1-0"]
[WhiteElo "2371"]
[BlackElo "2349"]
[PlyCount "83"]
[EventDate "2007.10.03"]
[EventType "swiss"]
[EventRounds "13"]
[EventCountry "ARM"]
[Source "lmi"]
[SourceDate "2007.10.03"]

1. e4 c5 2. Nf3 Nc6 3. d4 cxd4 4. Nxd4 e5 5. Nb5 d6 6. c4 Be7 7. N1c3 a6 8. Na3
f5 9. exf5 Bxf5 10. Nc2 Nf6 11. Ne3 Be6 12. g3 Rc8 13. Bg2 b5 14. cxb5 axb5 15.
O-O O-O 16. Ncd5 Nd4 17. b3 Nxd5 18. Nxd5 Bg5 19. f4 Rc5 20. Nb4 Bf6 21. Bb2
Qc8 22. Qd2 Rf7 23. Bxd4 exd4 24. Rae1 Rfc7 25. Be4 Bh3 26. Bd5+ Kh8 27. Bg2
Be6 28. Qe2 Re7 29. Qd3 h5 30. Bf3 Bh3 31. Nd5 Bxf1 32. Rxf1 Rxd5 33. Bxd5 Qe8
34. Qf5 Re1 35. Bf3 Rxf1+ 36. Kxf1 d3 37. Be4 Kg8 38. Bxd3 Bc3 39. Bxb5 Qe1+
40. Kg2 Qd2+ 41. Kh3 d5 42. Bc6 1-0

[Event "Campeonato del Mundo Sub-20 2007 Fem."]
[Site "Yerevan ARM"]
[Date "2007.10.13"]
[Round "10.2"]
[White "Harika, Dronavalli"]
[Black "Mongontuul, Bathuyag"]
[Result "1-0"]
[WhiteElo "2480"]
[BlackElo "2405"]
[PlyCount "92"]
[EventDate "2007.10.03"]
[EventType "swiss"]
[EventRounds "13"]
[EventCountry "ARM"]
[Source "lmi"]
[SourceDate "2007.10.03"]

1. d4 Nf6 2. Nf3 g6 3. g3 Bg7 4. Bg2 O-O 5. O-O d6 6. c4 Nbd7 7. Qc2 e5 8. Rd1
exd4 9. Nxd4 Re8 10. h3 Nc5 11. Nc3 c6 12. b4 Ne6 13. Nb3 Qe7 14. e4 Nh5 15.
Be3 Bd7 16. Rac1 f5 17. Qd2 Qf7 18. Ne2 fxe4 19. Qxd6 Red8 20. Qd2 Nf6 21. Nc3
Nf8 22. Qe2 Re8 23. Nd2 Qe7 24. Bc5 Qe5 25. Ndxe4 Nxe4 26. Nxe4 Bxh3 27. Bd4
Qe7 28. Bxh3 Qxe4 29. Qb2 Qe7 30. Qb3 Kh8 31. c5 Rad8 32. Bxg7+ Qxg7 33. Rxd8
Rxd8 34. Re1 h5 35. Qe3 Nh7 36. Qe7 Qxe7 37. Rxe7 a5 38. b5 Rd1+ 39. Kg2 cxb5
40. Rxb7 Rc1 41. Rxb5 Nf6 42. Rxa5 Kg7 43. Ra7+ Kf8 44. Be6 Ne4 45. c6 Nd6 46.
c7 Ke8 1-0

[Event "Campeonato del Mundo Sub-20 2007 Fem."]
[Site "Yerevan ARM"]
[Date "2007.10.13"]
[Round "10.4"]
[White "Arutyunova, Diana"]
[Black "Karavade, Eesha"]
[Result "1-0"]
[WhiteElo "2256"]
[BlackElo "2331"]
[PlyCount "65"]
[EventDate "2007.10.03"]
[EventType "swiss"]
[EventRounds "13"]
[EventCountry "ARM"]
[Source "lmi"]
[SourceDate "2007.10.03"]

1. e4 c5 2. Nf3 d6 3. d4 cxd4 4. Nxd4 Nf6 5. Nc3 a6 6. Be2 e5 7. Nb3 Be7 8. O-O
O-O 9. a4 Nc6 10. Bf3 Be6 11. Nd5 Bxd5 12. exd5 Nb8 13. a5 Nbd7 14. c4 Rc8 15.
Nd2 Ne8 16. b4 f5 17. Be2 Bf6 18. Ba3 e4 19. Rc1 Qe7 20. c5 Bg5 21. c6 Nb8 22.
cxb7 Rxc1 23. Bxc1 e3 24. Nf3 exf2+ 25. Rxf2 Bxc1 26. Qxc1 Nf6 27. Nd4 Qxb7 28.
Nxf5 Ne4 29. Nh6+ gxh6 30. Rxf8+ Kxf8 31. Qf4+ Qf7 32. Qxe4 Qg7 33. Qf5+ 1-0

[Event "Campeonato del Mundo Sub-20 2007 Fem."]
[Site "Yerevan ARM"]
[Date "2007.10.13"]
[Round "10.7"]
[White "Hoolt, Sarah"]
[Black "Bokuchava, Madona"]
[Result "1/2-1/2"]
[WhiteElo "2199"]
[BlackElo "2130"]
[PlyCount "55"]
[EventDate "2007.10.03"]
[EventType "swiss"]
[EventRounds "13"]
[EventCountry "ARM"]
[Source "lmi"]
[SourceDate "2007.10.03"]

1. e4 c5 2. Nf3 d6 3. d4 cxd4 4. Nxd4 Nf6 5. Nc3 Nc6 6. g3 Bg4 7. f3 Bd7 8. Be3
Nxd4 9. Qxd4 Qa5 10. Bg2 g6 11. O-O Bg7 12. Qd2 O-O 13. Nd5 Qxd2 14. Nxe7+ Kh8
15. Bxd2 Rfe8 16. Nd5 Nxd5 17. exd5 Bxb2 18. Rab1 Bd4+ 19. Kh1 b6 20. Bb4 Bc5
21. Bxc5 bxc5 22. Rb7 Bf5 23. h4 Bxc2 24. Rf2 Bd3 25. Rxf7 c4 26. Bf1 Bxf1 27.
Rxf1 c3 28. Rc1 1/2-1/2

[Event "Campeonato del Mundo Sub-20 2007 Fem."]
[Site "Yerevan ARM"]
[Date "2007.10.13"]
[Round "10.8"]
[White "Airapetian, Tatevik"]
[Black "Priya Panneer, Ramachandran"]
[Result "0-1"]
[WhiteElo "2193"]
[BlackElo "2129"]
[PlyCount "118"]
[EventDate "2007.10.03"]
[EventType "swiss"]
[EventRounds "13"]
[EventCountry "ARM"]
[Source "lmi"]
[SourceDate "2007.10.03"]

1. e4 e5 2. Nf3 Nf6 3. Nxe5 d6 4. Nf3 Nxe4 5. Nc3 Nxc3 6. dxc3 Be7 7. Bf4 Nd7
8. Qd2 O-O 9. O-O-O Nc5 10. Be3 Re8 11. Bc4 Be6 12. Bxe6 Nxe6 13. h4 Qd7 14.
Rh3 Qb5 15. Ng5 Qc4 16. b3 Qa6 17. Kb1 Qc6 18. Qd3 Nf8 19. Bd4 Bxg5 20. hxg5
Qe4 21. Qg3 Qf5 22. Be3 a5 23. Qh4 a4 24. b4 Re4 25. f4 Qb5 26. Qf2 a3 27. Qd2
Rae8 28. Ka1 c5 29. Rb1 cxb4 30. cxb4 Rc8 31. c3 Qc4 32. Rc1 Ne6 33. g3 Re8 34.
Rh4 Nf8 35. f5 Rxh4 36. gxh4 Qe4 37. Re1 Qxf5 38. Bf2 Ne6 39. Bg3 Rc8 40. Bxd6
Qh3 41. Be5 Qxh4 42. Kb1 Qxg5 43. Kc2 Qxd2+ 44. Kxd2 f5 45. Ke3 Rc4 46. Kd3 b5
47. Bb8 Nf4+ 48. Kd2 Nd5 49. Re8+ Kf7 50. Re5 Nxc3 51. Rxf5+ Kg6 52. Rf3 Nxa2
53. Rxa3 Nxb4 54. Be5 Rc2+ 55. Kd1 Rg2 56. Ra7 Kh6 57. Rb7 Nd3 58. Rxb5 Nxe5
59. Rxe5 Rf2 0-1

[Event "Campeonato del Mundo Sub-20 2007 Fem."]
[Site "Yerevan ARM"]
[Date "2007.10.13"]
[Round "10.9"]
[White "Khotenashvili, Bela"]
[Black "Pertlova, Sona"]
[Result "0-1"]
[WhiteElo "2328"]
[BlackElo "2169"]
[PlyCount "98"]
[EventDate "2007.10.03"]
[EventType "swiss"]
[EventRounds "13"]
[EventCountry "ARM"]
[Source "lmi"]
[SourceDate "2007.10.03"]

1. Nf3 c5 2. g3 g6 3. Bg2 Bg7 4. c4 Nc6 5. Nc3 e5 6. d3 Nge7 7. Bg5 f6 8. Bd2
O-O 9. O-O d6 10. a3 Be6 11. Rb1 d5 12. cxd5 Nxd5 13. Qb3 Na5 14. Qa4 Nxc3 15.
bxc3 c4 16. d4 e4 17. Ne1 Nb3 18. Be3 Qc7 19. Bf4 Qf7 20. Bxe4 g5 21. Bc1 Rfc8
22. Qb5 Rc7 23. d5 Bd7 24. Qb4 Bf8 25. d6 Bc6 26. Bxc6 Rxc6 27. Nf3 Bxd6 28.
Qa4 Ra6 29. Qb5 Ra5 30. Qxa5 Nxa5 31. Rb5 Nc6 32. Rd1 Bf8 33. Rbd5 Re8 34. Be3
Bxa3 35. h4 g4 36. Ne1 Re5 37. Rd7 Re7 38. R7d2 h5 39. Ng2 Ne5 40. Ra1 Rd7 41.
Rxa3 Rxd2 42. Bxd2 Qd5 43. Ra2 Qe4 44. Be1 a5 45. Kf1 b6 46. Rb2 Qc6 47. Bd2 a4
48. Be3 a3 49. Ra2 Qa4 0-1

[Event "Campeonato del Mundo Sub-20 2007 Fem."]
[Site "Yerevan ARM"]
[Date "2007.10.13"]
[Round "10.10"]
[White "Gomes, Mary Ann"]
[Black "Darbinyan, Ani"]
[Result "1/2-1/2"]
[WhiteElo "2262"]
[BlackElo "2085"]
[PlyCount "59"]
[EventDate "2007.10.03"]
[EventType "swiss"]
[EventRounds "13"]
[EventCountry "ARM"]
[Source "lmi"]
[SourceDate "2007.10.03"]

1. Nf3 Nf6 2. c4 c5 3. Nc3 Nc6 4. g3 d5 5. cxd5 Nxd5 6. Bg2 Nc7 7. O-O e5 8. d3
Be7 9. Be3 Bd7 10. Rc1 O-O 11. a3 Rc8 12. Nd2 b6 13. Nc4 f6 14. a4 Kh8 15. Ra1
Nb4 16. Na2 Nxa2 17. Rxa2 Be6 18. Bd2 Qe8 19. b3 Qf7 20. Qb1 Rfd8 21. Rc1 Bf8
22. b4 cxb4 23. Bxb4 Bxb4 24. Qxb4 Nd5 25. Qa3 Qe7 26. Qxe7 Nxe7 27. Rac2 Rc5
28. Nd2 Rxc2 29. Rxc2 Rc8 30. Rxc8+ 1/2-1/2

[Event "Campeonato del Mundo Sub-20 2007 Fem."]
[Site "Yerevan ARM"]
[Date "2007.10.13"]
[Round "10.12"]
[White "Limontaite, Simona"]
[Black "Soumya, Swaminathan"]
[Result "1/2-1/2"]
[WhiteElo "2141"]
[BlackElo "2244"]
[PlyCount "171"]
[EventDate "2007.10.03"]
[EventType "swiss"]
[EventRounds "13"]
[EventCountry "ARM"]
[Source "lmi"]
[SourceDate "2007.10.03"]

1. d4 Nf6 2. c4 g6 3. Nc3 Bg7 4. e4 d6 5. Be2 O-O 6. Bg5 Na6 7. Qd2 e5 8. d5
Qe8 9. h4 Nc5 10. f3 Nh5 11. g4 Nf4 12. Nh3 Nxh3 13. Rxh3 f5 14. gxf5 gxf5 15.
Rh2 f4 16. h5 h6 17. Bh4 Kh7 18. O-O-O Rg8 19. Rg1 Bh8 20. Qe1 Bd7 21. Bf2 Qf7
22. Rgh1 a5 23. Bf1 Bf6 24. Kb1 b6 25. Qd2 Rg5 26. Nd1 Rag8 27. Bxc5 dxc5 28.
Bh3 Bxh3 29. Rxh3 Rg2 30. Qe1 R8g3 31. Nf2 Qd7 32. Ng4 Rxg4 33. fxg4 Qxg4 34.
Qd1 Qe2 35. Qxe2 Rxe2 36. Rg1 Bg5 37. Rd3 Rxe4 38. d6 cxd6 39. Rxd6 f3 40. Rf1
Rxc4 41. b3 Rf4 42. Rxb6 e4 43. Re6 Kg7 44. Kc2 Bf6 45. Re1 f2 46. Rf1 Kf7 47.
Rc6 Rf5 48. Kd1 e3 49. Ke2 Rxh5 50. Kxe3 Bd4+ 51. Kf3 Rf5+ 52. Kg4 Rg5+ 53. Kf3
h5 54. Rh6 Rf5+ 55. Kg3 Be3 56. Ra6 Bd2 57. Kg2 Be1 58. Rh1 h4 59. Kf1 Rg5 60.
Rh6 Kg7 61. Re6 h3 62. Rxe1 fxe1=Q+ 63. Kxe1 Rg3 64. Kf2 Rc3 65. Rd1 h2 66. Kg2
Rc2+ 67. Kh1 Rxa2 68. Rc1 Kf6 69. Rxc5 Ke6 70. Rb5 Kd6 71. Rh5 Kc6 72. Rg5 Kb6
73. Rf5 Rb2 74. Rf8 Kc5 75. Rb8 Kc6 76. Ra8 Kb5 77. Rb8+ Kc5 78. Rb7 Kc6 79.
Rb8 a4 80. b4 a3 81. b5+ Kc5 82. Rc8+ Kb4 83. b6 a2 84. Ra8 Kc5 85. b7 Rxb7 86.
Rxa2 1/2-1/2

[Event "Campeonato del Mundo Sub-20 2007 Fem."]
[Site "Yerevan ARM"]
[Date "2007.10.13"]
[Round "10.14"]
[White "Kharatyan, Anahit"]
[Black "Rudolf, Anna"]
[Result "1-0"]
[WhiteElo "2102"]
[BlackElo "2273"]
[PlyCount "85"]
[EventDate "2007.10.03"]
[EventType "swiss"]
[EventRounds "13"]
[EventCountry "ARM"]
[Source "lmi"]
[SourceDate "2007.10.03"]

1. e4 c5 2. Nc3 Nc6 3. g3 g6 4. Bg2 Bg7 5. d3 d6 6. Be3 Rb8 7. Qd2 b5 8. f4 b4
9. Nd1 e6 10. Nf3 Nge7 11. O-O O-O 12. h3 f5 13. Re1 Qb6 14. Qf2 fxe4 15. dxe4
e5 16. c3 bxc3 17. bxc3 Ba6 18. Ng5 Rf6 19. Qc2 h6 20. Nf3 Rf7 21. Kh2 Nd4 22.
cxd4 exd4 23. e5 dxe3 24. Nxe3 Rff8 25. Rad1 dxe5 26. Nxe5 Bxe5 27. fxe5 Rbd8
28. Rc1 Rc8 29. Ng4 Kg7 30. e6 Ng8 31. Qc3+ Kh7 32. Rb1 Qc7 33. e7 Rfe8 34.
Nf6+ Nxf6 35. Qxf6 Bd3 36. Rbd1 Qa5 37. Qf7+ Kh8 38. Be4 Bxe4 39. Rxe4 Qc3 40.
Rde1 Qg7 41. Qe6 Qg8 42. Qxc8 Qxa2+ 43. R1e2 1-0

[Event "Campeonato del Mundo Sub-20 2007 Fem."]
[Site "Yerevan ARM"]
[Date "2007.10.13"]
[Round "10.17"]
[White "Hairapetian, Anna"]
[Black "Tjolsen, Katrine"]
[Result "0-1"]
[WhiteElo "2030"]
[BlackElo "2081"]
[PlyCount "82"]
[EventDate "2007.10.03"]
[EventType "swiss"]
[EventRounds "13"]
[EventCountry "ARM"]
[Source "lmi"]
[SourceDate "2007.10.03"]

1. e4 c5 2. Nf3 g6 3. d4 cxd4 4. Nxd4 Nc6 5. Be3 Bg7 6. Nc3 Nf6 7. Bc4 O-O 8.
Bb3 a5 9. a4 Ng4 10. Nxc6 Nxe3 11. Nxd8 Nxd1 12. Rxd1 Rxd8 13. Nd5 Kf8 14. Nb6
Rb8 15. c3 d6 16. O-O Bd7 17. Rd3 Bc6 18. f3 h5 19. Rfd1 Bf6 20. Kf2 h4 21. Bc2
Kg8 22. Nc4 b5 23. Nxa5 Be8 24. f4 Rdc8 25. axb5 Rxb5 26. Nb3 Rb6 27. R3d2 Rcb8
28. Nd4 Rxb2 29. g4 hxg3+ 30. hxg3 Rc8 31. Bd3 Rxc3 32. Ne2 Rcb3 33. Bc2 Rb4
34. Kf3 Ra2 35. Nc1 Ra3+ 36. Kf2 Bc6 37. Re2 Ra1 38. g4 Bb5 39. Red2 Bc3 40.
Nb3 Ra2 41. Nc1 Rab2 0-1

[Event "Campeonato del Mundo Sub-20 2007 Fem."]
[Site "Yerevan ARM"]
[Date "2007.10.13"]
[Round "10.19"]
[White "Grigorian, Marine"]
[Black "Karapetyan, Lusine"]
[Result "1-0"]
[WhiteElo "2078"]
[BlackElo "1950"]
[PlyCount "79"]
[EventDate "2007.10.03"]
[EventType "swiss"]
[EventRounds "13"]
[EventCountry "ARM"]
[Source "lmi"]
[SourceDate "2007.10.03"]

1. e4 c5 2. Nc3 a6 3. g3 b5 4. Bg2 Bb7 5. d3 e6 6. Nf3 b4 7. Ne2 Nf6 8. O-O d5
9. e5 Nfd7 10. c3 a5 11. d4 Ba6 12. Re1 Bxe2 13. Qxe2 Qb6 14. c4 Qa6 15. cxd5
Qxe2 16. Rxe2 exd5 17. e6 Nf6 18. exf7+ Kxf7 19. Ne5+ Kg8 20. Bg5 Ra7 21. dxc5
Bxc5 22. Rc1 Rc7 23. Rec2 Na6 24. Bf1 Ne4 25. Bxa6 Bxf2+ 26. Kg2 Rxc2 27. Rxc2
h6 28. Rc8+ Kh7 29. Rxh8+ Kxh8 30. Bd8 a4 31. Bb7 Bd4 32. Nd3 Nc5 33. Nxc5 Bxc5
34. Bxd5 b3 35. axb3 axb3 36. Ba5 Kh7 37. Bxb3 Kg6 38. Bc2+ Kg5 39. Bd8+ Kh5
40. Kh3 1-0

[Event "Campeonato del Mundo Sub-20 2007 Fem."]
[Site "Yerevan ARM"]
[Date "2007.10.13"]
[Round "10.20"]
[White "Salvador, Aices"]
[Black "Mona, Khaled"]
[Result "1/2-1/2"]
[WhiteElo "1927"]
[BlackElo "2004"]
[PlyCount "80"]
[EventDate "2007.10.03"]
[EventType "swiss"]
[EventRounds "13"]
[EventCountry "ARM"]
[Source "lmi"]
[SourceDate "2007.10.03"]

1. e4 e5 2. d4 exd4 3. Qxd4 Nc6 4. Qe3 Nf6 5. Nc3 Bb4 6. Bd2 O-O 7. O-O-O Re8
8. Qg3 Rxe4 9. Bd3 Re6 10. f4 d5 11. Nf3 Re8 12. a3 Bf8 13. f5 Ne7 14. Bg5 Nxf5
15. Bxf5 Bxf5 16. Rxd5 Bd6 17. Qh4 Bg6 18. Rdd1 Qd7 19. Rhf1 Ne4 20. Nxe4 Rxe4
21. Qf2 h6 22. Be3 Rae8 23. Rfe1 Qa4 24. Bd4 Rxe1 25. Rxe1 Bf4+ 26. Kb1 Bxc2+
27. Qxc2 Rxe1+ 28. Nxe1 Qxd4 29. Nf3 Qd6 30. Qe2 Kf8 31. b3 Bg5 32. Nxg5 hxg5
33. Qg4 Qd8 34. Qb4+ Qd6 35. Qxb7 Qb6 36. Qa8+ Ke7 37. Qe4+ Kf6 38. g4 Qf2 39.
Qc6+ Ke7 40. Qxc7+ Ke6 1/2-1/2

[Event "Campeonato del Mundo Sub-20 2007 Fem."]
[Site "Yerevan ARM"]
[Date "2007.10.14"]
[Round "11.1"]
[White "Zawadzka, Jolanta"]
[Black "Harika, Dronavalli"]
[Result "1-0"]
[WhiteElo "2371"]
[BlackElo "2480"]
[PlyCount "109"]
[EventDate "2007.10.03"]
[EventType "swiss"]
[EventRounds "13"]
[EventCountry "ARM"]
[Source "lmi"]
[SourceDate "2007.10.03"]

1. e4 c5 2. Nf3 g6 3. d4 Bg7 4. d5 Nf6 5. Nc3 O-O 6. e5 Ne8 7. d6 Nc6 8. Bg5 f6
9. exf6 Nxf6 10. h4 exd6 11. Bc4+ Kh8 12. Qxd6 Qe7+ 13. Qxe7 Nxe7 14. O-O-O d5
15. Bxf6 Bxf6 16. Nxd5 Nxd5 17. Rxd5 Bg4 18. Rxc5 Bxf3 19. gxf3 Bd4 20. Rc7
Rac8 21. Rxc8 Rxc8 22. Bd5 Rc7 23. h5 gxh5 24. Rxh5 Bxf2 25. Kd2 Re7 26. Be4
Bg3 27. Ke3 Rf7 28. c4 b6 29. b4 Bf4+ 30. Kd4 Rd7+ 31. Kc3 h6 32. c5 bxc5 33.
bxc5 Kg7 34. c6 Rf7 35. Kd4 Kf8 36. Rb5 Bc7 37. Kd5 Re7 38. Rb7 Bf4 39. Bg6
Re5+ 40. Kd4 Re7 41. Bf5 Rxb7 42. cxb7 Ke7 43. Ke4 Bd6 44. f4 Kd8 45. Be6 h5
46. Kf5 h4 47. Kg5 Ke7 48. f5 h3 49. Bd5 h2 50. f6+ Ke8 51. Kg6 Kf8 52. Kf5 Bg3
53. Ke6 Ke8 54. f7+ Kf8 55. Kd7 1-0

[Event "Campeonato del Mundo Sub-20 2007 Fem."]
[Site "Yerevan ARM"]
[Date "2007.10.14"]
[Round "11.2"]
[White "Nebolsina, Vera"]
[Black "Arutyunova, Diana"]
[Result "1/2-1/2"]
[WhiteElo "2349"]
[BlackElo "2256"]
[PlyCount "95"]
[EventDate "2007.10.03"]
[EventType "swiss"]
[EventRounds "13"]
[EventCountry "ARM"]
[Source "lmi"]
[SourceDate "2007.10.03"]

1. Nf3 Nf6 2. g3 d6 3. d4 g6 4. Bg2 Bg7 5. O-O O-O 6. c4 c6 7. Nc3 Qa5 8. e4
Qh5 9. e5 dxe5 10. Nxe5 Ng4 11. Nxg4 Bxg4 12. f3 Be6 13. d5 Rd8 14. f4 Qxd1 15.
Rxd1 cxd5 16. cxd5 Bc8 17. Be3 Na6 18. Nb5 Bxb2 19. Rab1 Bf6 20. Nxa7 Bg4 21.
Rdc1 Rd7 22. Rb3 b6 23. Nc8 Nc5 24. Nxb6 Nxb3 25. axb3 Rb8 26. h3 Bf5 27. g4
Rdb7 28. Rc6 Bd7 29. b4 e6 30. b5 Rxb6 31. Rxb6 Rxb6 32. Bxb6 exd5 33. Bf1 Kf8
34. Kf2 Bc8 35. Ke3 Bb7 36. Bc5+ Ke8 37. Bd4 Bd8 38. f5 Bg5+ 39. Kf3 Kd7 40.
Kg3 Bd8 41. Kf4 Kd6 42. g5 Ba5 43. h4 Bd2+ 44. Kg4 Bc8 45. Bd3 h5+ 46. gxh6
Bxh6 47. Bf6 Kc5 48. Bd8 1/2-1/2

[Event "Campeonato del Mundo Sub-20 2007 Fem."]
[Site "Yerevan ARM"]
[Date "2007.10.14"]
[Round "11.6"]
[White "Gasik, Anna"]
[Black "Priya Panneer, Ramachandran"]
[Result "0-1"]
[WhiteElo "2191"]
[BlackElo "2129"]
[PlyCount "68"]
[EventDate "2007.10.03"]
[EventType "swiss"]
[EventRounds "13"]
[EventCountry "ARM"]
[Source "lmi"]
[SourceDate "2007.10.03"]

1. e4 e5 2. Nf3 Nf6 3. Nxe5 d6 4. Nf3 Nxe4 5. d4 d5 6. Bd3 Nc6 7. O-O Bg4 8.
Re1 Be7 9. Be3 O-O 10. h3 Bh5 11. g4 Bg6 12. Ne5 Bd6 13. Nxg6 fxg6 14. Nd2 Nxf2
15. Bxf2 Rxf2 16. Nf3 Bg3 17. Rf1 Rxf1+ 18. Bxf1 Qf6 19. Bg2 Re8 20. c3 Nd8 21.
Qb3 c6 22. Rf1 Re2 23. Ne5 Re1 24. Nf3 Rxf1+ 25. Kxf1 Qf7 26. Qa4 a6 27. Qd1
Ne6 28. Kg1 Nf4 29. Bf1 h5 30. gxh5 gxh5 31. c4 dxc4 32. Qc2 Nd5 33. Ng5 Qxf1+
34. Kxf1 Ne3+ 0-1